[Event "AUT-chT2M 2324"]
[Site "Austria"]
[Date "2024.03.16"]
[Round "7.1"]
[White "Schmidt, Peter"]
[Black "Berczes, David"]
[Result "0-1"]
[WhiteElo "2394"]
[BlackElo "2451"]
[PlyCount "124"]
[EventDate "2023.11.03"]
[EventType "team-tourn"]
[EventRounds "11"]
[EventCountry "AUT"]
[SourceTitle "CBM 219 Extra"]
[Source "ChessBase"]
[SourceDate "2024.05.31"]
[SourceVersion "1"]
[SourceVersionDate "2024.05.31"]
[SourceQuality "1"]
[WhiteTeam "Sauwald"]
[BlackTeam "Gamlitz"]
[WhiteTeamCountry "AUT"]
[BlackTeamCountry "AUT"]

1. Nf3 d5 2. g3 Bg4 3. Bg2 c6 4. b3 Nf6 5. Bb2 Nbd7 6. 0-0 e6 7. c4 Bd6 8. d3 0-0 9. Nbd2 Re8 10. Qc2 a5 11. a3 e5 12. e4 dxe4 13. dxe4 Qb6 14. Bc3 Rad8 15. Rfe1 Bc5 16. Nf1 Bxf3 17. Bxf3 Nf8 18. Ra2 Ne6 19. b4 axb4 20. axb4 Bxb4 21. Rb1 c5 22. Ne3 Nd4 23. Bxd4 Rxd4 24. h4 g6 25. g4 h6 26. Kg2 Qe6 27. Ra7 Red8 28. Rxb7 Qa6 29. Rb5 Rd2 30. Qc1 Qa2 31. Nd1 Rc2 32. Rb2 Rxc1 33. Rxa2 Rcxd1 34. Bxd1 Rxd1 35. f3 Kg7 36. Rb8 Rd2+ 37. Rxd2 Bxd2 38. Kf2 Bc3 39. Rd8 Bd4+ 40. Ke2 Nh7 41. Rc8 Nf8 42. Rb8 Ne6 43. Rb7 Nf4+ 44. Kf1 h5 45. g5 Nd3 46. Rb1 Nb2 47. Rc1 f6 48. Ra1 fxg5 49. hxg5 Nxc4 50. Ra7+ Kf8 51. Ra8+ Ke7 52. Ra7+ Ke8 53. Ra8+ Kd7 54. Rg8 Ne3+ 55. Ke2 Ng2 56. Rg7+ Ke8 57. Kd3 Nf4+ 58. Kc4 h4 59. Kb5 h3 60. Kc6 h2 61. Kd6 h1Q 62. Rb7 Nh5 0-1

[Event "AUT-chT2M 2223"]
[Site "Austria"]
[Date "2023.04.15"]
[Round "11.1"]
[White "Markoja, Boris"]
[Black "Schmidt, Peter"]
[Result "1/2-1/2"]
[WhiteElo "2454"]
[BlackElo "2400"]
[PlyCount "20"]
[EventDate "2022.09.30"]
[EventType "team-tourn"]
[EventRounds "11"]
[EventCountry "AUT"]
[SourceTitle "EXT 2024"]
[Source "ChessBase"]
[SourceDate "2023.10.10"]
[SourceVersion "1"]
[SourceVersionDate "2023.10.10"]
[SourceQuality "1"]
[WhiteTeam "Gamlitz"]
[BlackTeam "Sauwald"]
[WhiteTeamCountry "AUT"]
[BlackTeamCountry "AUT"]

1. d4 d5 2. c4 c6 3. cxd5 cxd5 4. Nc3 Nc6 5. Nf3 Nf6 6. Bf4 Nh5 7. Bd2 Nf6 8. Bf4 Nh5 9. Bd2 Nf6 10. Bf4 Nh5 1/2-1/2

[Event "AUT-chT2M 2223"]
[Site "Austria"]
[Date "2022.10.01"]
[Round "2.1"]
[White "Ivanisevic, Ivan"]
[Black "Schmidt, Peter"]
[Result "1-0"]
[WhiteElo "2547"]
[BlackElo "2400"]
[PlyCount "43"]
[EventDate "2022.09.30"]
[EventType "team-tourn"]
[EventRounds "11"]
[EventCountry "AUT"]
[SourceTitle "CBM 210 Extra"]
[Source "ChessBase"]
[SourceDate "2022.11.30"]
[SourceVersion "1"]
[SourceVersionDate "2022.11.30"]
[SourceQuality "1"]
[WhiteTeam "Pinggau Friedberg"]
[BlackTeam "Sauwald"]
[WhiteTeamCountry "AUT"]
[BlackTeamCountry "AUT"]

1. d4 Nf6 2. c4 g6 3. g3 c5 4. Nf3 Bg7 5. Nc3 cxd4 6. Nxd4 Qc7 7. Bf4 Qxc4 8. Rc1 0-0 9. Ndb5 d6 10. Bg2 Nc6 11. a3 Qc5 12. Nc7 Ng4 13. 0-0 Qh5 14. h3 Nf6 15. g4 Bxg4 16. hxg4 Nxg4 17. Nxa8 g5 18. Bg3 Be5 19. Qd3 Rxa8 20. Bxe5 Ncxe5 21. Qh3 Qg6 22. Nd5 1-0

[Event "AUT-chT2M 2223"]
[Site "Austria"]
[Date "2022.09.30"]
[Round "1.1"]
[White "Schmidt, Peter"]
[Black "Horvath, Adam"]
[Result "1-0"]
[WhiteElo "2400"]
[BlackElo "2511"]
[PlyCount "81"]
[EventDate "2022.09.30"]
[EventType "team-tourn"]
[EventRounds "11"]
[EventCountry "AUT"]
[SourceTitle "CBM 210 Extra"]
[Source "ChessBase"]
[SourceDate "2022.11.30"]
[SourceVersion "1"]
[SourceVersionDate "2022.11.30"]
[SourceQuality "1"]
[WhiteTeam "Sauwald"]
[BlackTeam "Gleisdorf"]
[WhiteTeamCountry "AUT"]
[BlackTeamCountry "AUT"]

1. d4 Nf6 2. Nf3 e6 3. g3 b5 4. Bg2 Bb7 5. 0-0 c5 6. Bg5 Be7 7. dxc5 Bxc5 8. c3 h6 9. Bxf6 Qxf6 10. Qd3 a6 11. Nbd2 0-0 12. b4 Be7 13. Nb3 Rc8 14. Rfc1 Bxf3 15. Qxf3 Qxf3 16. Bxf3 Ra7 17. a4 bxa4 18. Rxa4 Rac7 19. Rb1 d5 20. e3 Rxc3 21. Be2 g6 22. Kg2 Kg7 23. Nd4 Rc1 24. Rb2 e5 25. Nf3 R1c2 26. Rxc2 Rxc2 27. Bxa6 Bf6 28. Bb5 e4 29. Nd4 Bxd4 30. exd4 e3 31. Ra8 Rxf2+ 32. Kg1 Rb2 33. Rxb8 Rxb4 34. Kf1 Rb2 35. Rb7 Rxh2 36. Bc6 Rf2+ 37. Ke1 Rf5 38. Rd7 Rf3 39. Bxd5 Rxg3 40. Rxf7+ Kh8 41. Be6 1-0

[Event "Pasching PlusCity op"]
[Site "Pasching"]
[Date "2022.06.17"]
[Round "6"]
[White "Schmidt, Peter"]
[Black "Heimann, Andreas"]
[Result "1/2-1/2"]
[WhiteElo "2400"]
[BlackElo "2580"]
[PlyCount "47"]
[EventDate "2022.06.17"]
[EventType "swiss (rapid)"]
[EventRounds "9"]
[EventCountry "AUT"]
[SourceTitle "EXT 2023"]
[Source "ChessBase"]
[SourceDate "2022.10.05"]
[SourceVersion "1"]
[SourceVersionDate "2022.10.05"]
[SourceQuality "1"]

1. Nf3 d5 2. g3 c5 3. Bg2 Nf6 4. 0-0 g6 5. c3 Bg7 6. d4 Qa5 7. Nbd2 cxd4 8. Nb3 Qb6 9. Qxd4 Qxd4 10. cxd4 Nc6 11. Ne5 0-0 12. Nxc6 bxc6 13. Bf4 Ba6 14. Rfe1 Nh5 15. Be3 Rab8 16. Nc5 Bc8 17. b3 f5 18. f4 Nf6 19. h3 Ne4 20. Bxe4 fxe4 21. Kg2 h5 22. Rac1 Bh6 23. Rf1 Kf7 24. Bd2 1/2-1/2

[Event "AUT-chT2M 2122"]
[Site "Austria"]
[Date "2022.03.27"]
[Round "9.6"]
[White "Csonka, Balazs"]
[Black "Schmidt, Peter"]
[Result "1-0"]
[WhiteElo "2478"]
[BlackElo "2401"]
[PlyCount "47"]
[EventDate "2021.10.01"]
[EventType "team-tourn"]
[EventRounds "11"]
[EventCountry "AUT"]
[SourceTitle "EXT 2023"]
[Source "ChessBase"]
[SourceDate "2022.10.05"]
[SourceVersion "1"]
[SourceVersionDate "2022.10.05"]
[SourceQuality "1"]
[WhiteTeam "Graz Schachfreunde"]
[BlackTeam "Sauwald"]
[WhiteTeamCountry "AUT"]
[BlackTeamCountry "AUT"]

1. e4 d6 2. d4 Nf6 3. Nc3 g6 4. f4 Bg7 5. Nf3 0-0 6. e5 dxe5 7. fxe5 Nd5 8. Bc4 Nxc3 9. bxc3 c5 10. 0-0 Bg4 11. Qd3 Nc6 12. Ng5 e6 13. Qg3 Bf5 14. Rxf5 exf5 15. e6 cxd4 16. exf7+ Kh8 17. Nxh7 dxc3 18. Be3 Bd4 19. Nxf8 Bxe3+ 20. Qxe3 Qxf8 21. Re1 Rd8 22. Qxc3+ Kh7 23. Re3 Qc5 24. f8N+ 1-0

[Event "AUT-chT2M 2122"]
[Site "Austria"]
[Date "2021.10.24"]
[Round "6.1"]
[White "Schmidt, Peter"]
[Black "Mohr, Georg"]
[Result "0-1"]
[WhiteElo "2401"]
[BlackElo "2406"]
[PlyCount "62"]
[EventDate "2021.10.01"]
[EventType "team-tourn"]
[EventRounds "11"]
[EventCountry "AUT"]
[SourceTitle "EXT 2023"]
[Source "ChessBase"]
[SourceDate "2022.10.05"]
[SourceVersion "1"]
[SourceVersionDate "2022.10.05"]
[SourceQuality "1"]
[WhiteTeam "Sauwald"]
[BlackTeam "Frauental"]
[WhiteTeamCountry "AUT"]
[BlackTeamCountry "AUT"]

1. d4 e6 2. Nf3 c5 3. g3 b6 4. Bg2 Bb7 5. c4 cxd4 6. Qxd4 Nf6 7. 0-0 d6 8. Nc3 a6 9. Ng5 Bxg2 10. Kxg2 Nc6 11. Qf4 Be7 12. Rd1 0-0 13. Nce4 Ne5 14. b3 Qc7 15. Ba3 Ng6 16. Qf3 Nxe4 17. Nxe4 d5 18. cxd5 Bxa3 19. dxe6 fxe6 20. Qg4 Qf7 21. f3 Qf5 22. Qg5 h6 23. Qd2 Ne5 24. Qe3 b5 25. Rd2 Nf7 26. Rad1 Ng5 27. Nd6 Qh3+ 28. Kg1 Rad8 29. Qe5 Rxf3 30. Nf5 Rxf5 31. Rxd8+ Kh7 0-1

[Event "AUT-chT2M 2122"]
[Site "Austria"]
[Date "2021.10.02"]
[Round "2.1"]
[White "Schmidt, Peter"]
[Black "Menezes, Christoph"]
[Result "0-1"]
[WhiteElo "2401"]
[BlackElo "2391"]
[PlyCount "134"]
[EventDate "2021.10.01"]
[EventType "team-tourn"]
[EventRounds "11"]
[EventCountry "AUT"]
[SourceTitle "CBM 204 Extra"]
[Source "ChessBase"]
[SourceDate "2021.11.30"]
[SourceVersion "1"]
[SourceVersionDate "2021.11.30"]
[SourceQuality "1"]
[WhiteTeam "Sauwald"]
[BlackTeam "Ansfelden Union"]
[WhiteTeamCountry "AUT"]
[BlackTeamCountry "AUT"]

1. Nf3 d5 2. g3 g6 3. Bg2 Bg7 4. d4 Nf6 5. 0-0 0-0 6. Bf4 Bf5 7. Qc1 c6 8. c4 dxc4 9. Qxc4 Nbd7 10. Nc3 Nb6 11. Qb3 Nfd5 12. Be5 Bh6 13. Nxd5 Qxd5 14. Nh4 Be4 15. Qxd5 cxd5 16. Bh3 e6 17. b3 Rfc8 18. Ng2 Nd7 19. Bf4 Bxg2 20. Bxg2 Bxf4 21. gxf4 Rc2 22. e3 Rac8 23. Bf3 Nf6 24. Rfe1 Kf8 25. Kf1 Ne4 26. Bxe4 dxe4 27. Red1 Rb2 28. Rac1 Rxc1 29. Rxc1 Rxa2 30. Rc8+ Kg7 31. Rc7 b5 32. Rb7 a6 33. Rb6 h6 34. h4 Ra3 35. Kg2 Rxb3 36. Rxa6 b4 37. Rb6 Rb1 38. Rb7 b3 39. Kh3 Rh1+ 40. Kg3 Rg1+ 41. Kh2 Rb1 42. Kh3 Kf8 43. Kg2 Ke8 44. Kh2 f6 45. Kg2 Kd8 46. Kh2 Kc8 47. Rb4 Kc7 48. Kg2 Kc6 49. Kh2 Kd5 50. Kg2 g5 51. hxg5 fxg5 52. fxg5 hxg5 53. Kg3 b2 54. Kg2 e5 55. dxe5 Kxe5 56. Rb5+ Kd6 57. Rb8 Kc5 58. Rb7 g4 59. Rb8 Kc4 60. Rb7 Kd3 61. Rb8 Kd2 62. Rb6 g3 63. fxg3 Kxe3 64. Rb8 Rd1 65. Rb3+ Rd3 66. Rxb2 Rd2+ 67. Rxd2 Kxd2 0-1

[Event "DSOL 03 Liga Gr-B 1st"]
[Site "Playchess.com INT"]
[Date "2020.07.20"]
[Round "5.1"]
[White "Stephan, Gunther"]
[Black "Schmidt, Peter"]
[Result "1-0"]
[WhiteElo "1943"]
[BlackElo "1893"]
[PlyCount "81"]
[EventDate "2020.06.22"]
[EventType "team-tourn (rapid)"]
[EventCountry "GER"]
[SourceTitle "EXT 2021"]
[Source "ChessBase"]
[SourceDate "2020.10.23"]
[SourceVersion "1"]
[SourceVersionDate "2020.10.23"]
[SourceQuality "1"]
[WhiteTeam "Brackweda"]
[BlackTeam "Kiel SG"]
[WhiteTeamCountry "GER"]
[BlackTeamCountry "GER"]

1. d4 Nf6 2. Nf3 g6 3. Bg5 Ne4 4. Bh4 Bg7 5. Nbd2 d5 6. e3 c5 7. c3 Nc6 8. Nxe4 dxe4 9. Nd2 cxd4 10. exd4 f5 11. Bc4 Qd6 12. h3 Be6 13. Bg3 Qd7 14. Bxe6 Qxe6 15. Qb3 Qxb3 16. axb3 Rd8 17. b4 a6 18. Nc4 Kf7 19. Na5 Nxa5 20. Rxa5 Rd7 21. Be5 Rhd8 22. Bxg7 Kxg7 23. Ke2 Rd5 24. Rxd5 Rxd5 25. Ra1 e5 26. dxe5 Rxe5 27. Rd1 Re7 28. Ke3 Kf6 29. g3 g5 30. Rd5 h6 31. b5 Re5 32. Rd6+ Re6 33. Rxe6+ Kxe6 34. bxa6 bxa6 35. Kd4 Kd6 36. b4 h5 37. c4 h4 38. gxh4 gxh4 39. b5 axb5 40. cxb5 Kc7 41. Ke5 1-0

[Event "DSOL 03 Liga Gr-B 1st"]
[Site "Playchess.com INT"]
[Date "2020.07.09"]
[Round "3.2"]
[White "Gnegel, Boris Igor"]
[Black "Schmidt, Peter"]
[Result "1/2-1/2"]
[WhiteElo "1921"]
[BlackElo "1893"]
[PlyCount "73"]
[EventDate "2020.06.22"]
[EventType "team-tourn (rapid)"]
[EventCountry "GER"]
[SourceTitle "EXT 2021"]
[Source "ChessBase"]
[SourceDate "2020.10.23"]
[SourceVersion "1"]
[SourceVersionDate "2020.10.23"]
[SourceQuality "1"]
[WhiteTeam "Bad Toelz"]
[BlackTeam "Kiel SG"]
[WhiteTeamCountry "GER"]
[BlackTeamCountry "GER"]

1. d4 Nf6 2. c4 c5 3. d5 b5 4. cxb5 a6 5. bxa6 g6 6. Nf3 Bg7 7. Nc3 Bxa6 8. e4 Bxf1 9. Kxf1 d6 10. g3 0-0 11. Kg2 Nbd7 12. h3 Qa5 13. Re1 Rfb8 14. e5 Ne8 15. exd6 exd6 16. Qc2 Nef6 17. Bf4 Qb4 18. Bxd6 Qxb2 19. Qd3 c4 20. Qd2 Qxd2 21. Nxd2 Rc8 22. Rab1 Ra5 23. Bb4 Ra6 24. d6 Bf8 25. Nde4 Nxe4 26. Rxe4 Bxd6 27. Rd4 Bxb4 28. Rxb4 Ne5 29. f4 Ra3 30. Nd5 Rxa2+ 31. Kf1 Nc6 32. Rdxc4 Rd8 33. Nf6+ Kg7 34. Rb1 Rdd2 35. Rxc6 Rf2+ 36. Kg1 Rg2+ 37. Kh1 1/2-1/2

[Event "AUT-chT2M 1920"]
[Site "Austria"]
[Date "2020.01.11"]
[Round "8.1"]
[White "Nagy, Gabor"]
[Black "Schmidt, Peter"]
[Result "1-0"]
[WhiteElo "2489"]
[BlackElo "2396"]
[PlyCount "59"]
[EventDate "2019.10.11"]
[EventType "team-tourn"]
[EventRounds "11"]
[EventCountry "AUT"]
[SourceTitle "CBM 194 Extra"]
[Source "ChessBase"]
[SourceDate "2020.03.31"]
[SourceVersion "1"]
[SourceVersionDate "2020.03.31"]
[SourceQuality "1"]
[WhiteTeam "Fuerstenfeld/Hartberg II"]
[BlackTeam "Sauwald"]
[WhiteTeamCountry "AUT"]
[BlackTeamCountry "AUT"]

1. d4 Nf6 2. c4 g6 3. Nc3 Bg7 4. e4 d6 5. f3 0-0 6. Nge2 Nc6 7. Be3 a6 8. Qd2 Na5 9. Ng3 b5 10. Bh6 Nxc4 11. Bxc4 bxc4 12. 0-0-0 Re8 13. Bxg7 Kxg7 14. h4 h5 15. Nf1 c6 16. Ne3 Qa5 17. Rdg1 e5 18. dxe5 dxe5 19. g4 Rd8 20. Nxc4 Rxd2 21. Nxa5 Rf2 22. g5 Nd7 23. Rf1 Rxf1+ 24. Rxf1 c5 25. Rd1 Rb8 26. Nc6 Rb7 27. Rd6 c4 28. Nd5 Nc5 29. Rf6 Ne6 30. Nxe5 1-0

[Event "AUT-chT2M 1920"]
[Site "Austria"]
[Date "2019.10.13"]
[Round "3.1"]
[White "Schmidt, Peter"]
[Black "Csonka, Balazs"]
[Result "0-1"]
[WhiteElo "2396"]
[BlackElo "2481"]
[PlyCount "94"]
[EventDate "2019.10.11"]
[EventType "team-tourn"]
[EventRounds "11"]
[EventCountry "AUT"]
[SourceTitle "CBM 192 Extra"]
[Source "Chessbase"]
[SourceDate "2019.11.06"]
[SourceVersion "1"]
[SourceVersionDate "2019.11.06"]
[SourceQuality "1"]
[WhiteTeam "Sauwald"]
[BlackTeam "Graz Schachfreunde"]
[WhiteTeamCountry "AUT"]
[BlackTeamCountry "AUT"]

1. Nf3 Nf6 2. g3 d5 3. Bg2 e6 4. 0-0 Be7 5. c4 0-0 6. d4 dxc4 7. Qa4 a6 8. Qxc4 b5 9. Qc2 Bb7 10. Bg5 Nbd7 11. Bxf6 Nxf6 12. Nbd2 Rc8 13. Nb3 c5 14. dxc5 Ne4 15. Rfd1 Qc7 16. c6 Qxc6 17. Qxc6 Bxc6 18. Ne5 Bd5 19. Nd7 Rfe8 20. Nb6 Rc2 21. Nxd5 exd5 22. Rxd5 Bf8 23. Bxe4 Rxe4 24. e3 Rxb2 25. Rd8 Rc4 26. Nd4 g6 27. Ra8 Ra4 28. Rc1 Raxa2 29. Rcc8 Rxf2 30. Rxf8+ Kg7 31. Rg8+ Kh6 32. Rxa6 Rg2+ 33. Kf1 Raf2+ 34. Ke1 Rb2 35. Kf1 Rxh2 36. Kg1 Rhd2 37. Ra1 b4 38. Kh1 b3 39. Rb8 Rh2+ 40. Kg1 Rbg2+ 41. Kf1 b2 42. Re1 Rd2 43. Kg1 Kh5 44. Nf3 Rdg2+ 45. Kf1 Rf2+ 46. Kg1 Rhg2+ 47. Kh1 Kg4 0-1

[Event "AUT-chT2M 1920"]
[Site "Austria"]
[Date "2019.10.12"]
[Round "2.1"]
[White "Tratar, Marko"]
[Black "Schmidt, Peter"]
[Result "1/2-1/2"]
[WhiteElo "2443"]
[BlackElo "2396"]
[PlyCount "60"]
[EventDate "2019.10.11"]
[EventType "team-tourn"]
[EventRounds "11"]
[EventCountry "AUT"]
[SourceTitle "CBM 192 Extra"]
[Source "Chessbase"]
[SourceDate "2019.11.06"]
[SourceVersion "1"]
[SourceVersionDate "2019.11.06"]
[SourceQuality "1"]
[WhiteTeam "Frauental"]
[BlackTeam "Sauwald"]
[WhiteTeamCountry "AUT"]
[BlackTeamCountry "AUT"]

1. c4 e5 2. g3 Nf6 3. Bg2 c6 4. Nf3 e4 5. Nd4 d5 6. d3 Bc5 7. Nb3 Bb4+ 8. Bd2 Bxd2+ 9. Qxd2 dxc4 10. dxc4 Qe7 11. Nc3 0-0 12. 0-0 e3 13. Qxe3 Qxe3 14. fxe3 Ng4 15. Nd1 a5 16. Rc1 Ne5 17. Nc5 Na6 18. Nd3 Re8 19. a3 Bg4 20. Kf2 Rad8 21. Nxe5 Rxe5 22. Nc3 Kf8 23. Rfd1 Rde8 24. Rd4 Bf5 25. e4 Bg6 26. Rcd1 f6 27. Rd8 Bf7 28. b3 Rxd8 29. Rxd8+ Ke7 30. Rd2 Bg6 1/2-1/2

[Event "AUT-chT2M 1819"]
[Site "Austria"]
[Date "2019.01.20"]
[Round "8.1"]
[White "Ftacnik, Lubomir"]
[Black "Schmidt, Peter"]
[Result "1/2-1/2"]
[WhiteElo "2506"]
[BlackElo "2403"]
[PlyCount "99"]
[EventDate "2018.10.19"]
[EventType "team-tourn"]
[EventRounds "11"]
[EventCountry "AUT"]
[SourceTitle "CBM 189 Extra"]
[Source "ChessBase"]
[SourceDate "2019.05.31"]
[SourceVersion "1"]
[SourceVersionDate "2019.05.31"]
[SourceQuality "1"]
[WhiteTeam "Pinggau Friedberg"]
[BlackTeam "Sauwald"]
[WhiteTeamCountry "AUT"]
[BlackTeamCountry "AUT"]

1. d4 d5 2. Nf3 Nf6 3. c4 dxc4 4. e3 Bg4 5. h3 Bh5 6. g4 Bg6 7. Ne5 Be4 8. f3 Bxb1 9. Rxb1 Nbd7 10. Bxc4 Nxe5 11. dxe5 Qxd1+ 12. Kxd1 e6 13. Ke2 Bb4 14. a3 Ba5 15. b4 Bb6 16. Bd2 Nd7 17. f4 Ke7 18. Bd3 g6 19. Be4 Rhb8 20. h4 a5 21. b5 Nc5 22. Bf3 Rd8 23. Rhc1 Rd3 24. Rxc5 Rxd2+ 25. Kxd2 Bxc5 26. a4 Rd8+ 27. Ke2 b6 28. Rc1 Rd7 29. g5 Kf8 30. h5 Bb4 31. Rc2 Kg7 32. h6+ Kf8 33. Bc6 Rd8 34. Bb7 Bc5 35. Be4 Ke7 36. Rc3 Rd7 37. Bc6 Rd8 38. Rc4 Kf8 39. Be4 Rd7 40. Bd3 Ke7 41. Rc2 Kf8 42. Be4 Ke7 43. Bc6 Rd8 44. Bb7 Rd7 45. Rc4 Rd8 46. Be4 Rd7 47. Rc3 Bb4 48. Rd3 Rxd3 49. Kxd3 Ba3 50. Bc6 1/2-1/2

[Event "AUT-chT2M 1819"]
[Site "Austria"]
[Date "2019.01.18"]
[Round "6.1"]
[White "Schmidt, Peter"]
[Black "Heinemann, Thies"]
[Result "1/2-1/2"]
[WhiteElo "2403"]
[BlackElo "2516"]
[PlyCount "69"]
[EventDate "2018.10.19"]
[EventType "team-tourn"]
[EventRounds "11"]
[EventCountry "AUT"]
[SourceTitle "CBM 189 Extra"]
[Source "ChessBase"]
[SourceDate "2019.05.31"]
[SourceVersion "1"]
[SourceVersionDate "2019.05.31"]
[SourceQuality "1"]
[WhiteTeam "Sauwald"]
[BlackTeam "Gleisdorf"]
[WhiteTeamCountry "AUT"]
[BlackTeamCountry "AUT"]

1. d4 Nf6 2. Nf3 e6 3. g3 b5 4. Bg2 Bb7 5. 0-0 c5 6. c3 Be7 7. Bg5 Na6 8. Qd3 Qb6 9. a4 b4 10. Nbd2 0-0 11. Nc4 Qc7 12. Bf4 Be4 13. Qxe4 Nxe4 14. Bxc7 Nxc7 15. Nfe5 d5 16. Bxe4 dxe4 17. dxc5 bxc3 18. b4 Nd5 19. Nc6 Rfc8 20. Nxe7+ Nxe7 21. Nd6 Rc7 22. Nb5 Rb7 23. Rab1 Rab8 24. Nxc3 Rxb4 25. Rxb4 Rxb4 26. Rd1 g5 27. Rd7 Nc6 28. Rc7 Ne5 29. Rxa7 Rc4 30. Nb5 g4 31. h3 gxh3 32. Kh2 Rxc5 33. Rc7 Rd5 34. Kxh3 Rd1 35. Nc3 1/2-1/2

[Event "AUT-chT2M 1819"]
[Site "Austria"]
[Date "2018.11.24"]
[Round "4.1"]
[White "Schmidt, Peter"]
[Black "Halvax, Georg"]
[Result "1/2-1/2"]
[WhiteElo "2398"]
[BlackElo "2424"]
[PlyCount "66"]
[EventDate "2018.10.19"]
[EventType "team-tourn"]
[EventRounds "11"]
[EventCountry "AUT"]
[SourceTitle "CBM 187 Extra"]
[Source "ChessBase"]
[SourceDate "2018.11.04"]
[SourceVersion "1"]
[SourceVersionDate "2018.11.04"]
[SourceQuality "1"]
[WhiteTeam "Sauwald"]
[BlackTeam "Maria Saal II"]
[WhiteTeamCountry "AUT"]
[BlackTeamCountry "AUT"]

1. Nf3 Nf6 2. g3 d5 3. Bg2 e6 4. 0-0 Be7 5. d4 0-0 6. c4 dxc4 7. Ne5 Nc6 8. Bxc6 bxc6 9. Nxc6 Qe8 10. Nxe7+ Qxe7 11. Na3 Rd8 12. Qc2 c5 13. dxc5 Qxc5 14. Nxc4 Ba6 15. b3 Bxc4 16. Bb2 Rdc8 17. bxc4 Qxc4 18. Qxc4 Rxc4 19. Rfc1 Rac8 20. Rxc4 Rxc4 21. Rc1 Rxc1+ 22. Bxc1 Nd5 23. Bd2 f6 24. e4 Nb6 25. Kf1 Kf7 26. Ke2 Ke7 27. Kd3 Kd6 28. g4 g6 29. Be3 Nc8 30. f4 Kc6 31. Bd2 Nb6 32. Bc3 Nd7 33. Kc4 e5 1/2-1/2

[Event "BL2-Ost 1819"]
[Site "Germany"]
[Date "2018.11.10"]
[Round "1.3"]
[White "Enders, Peter"]
[Black "Schmidt, Peter"]
[Result "0-1"]
[WhiteElo "2438"]
[BlackElo "2398"]
[PlyCount "68"]
[EventDate "2018.11.10"]
[EventType "team-tourn"]
[EventRounds "10"]
[EventCountry "GER"]
[SourceTitle "CBM 190 Extra"]
[Source "ChessBase"]
[SourceDate "2019.07.15"]
[SourceVersion "1"]
[SourceVersionDate "2019.07.15"]
[SourceQuality "1"]
[WhiteTeam "Erfurt"]
[BlackTeam "Passau"]
[WhiteTeamCountry "GER"]
[BlackTeamCountry "GER"]

1. b3 e5 2. Bb2 Nc6 3. e3 Nf6 4. Nf3 e4 5. Nd4 Bc5 6. Nxc6 dxc6 7. d4 Bd6 8. c4 Bf5 9. Nc3 h5 10. Qd2 h4 11. 0-0-0 h3 12. f3 Bg6 13. gxh3 Qd7 14. fxe4 Nxe4 15. Nxe4 Bxe4 16. Rg1 Rh7 17. d5 cxd5 18. cxd5 g6 19. Qd4 Qe7 20. Bb5+ Kf8 21. Rdf1 Bc5 22. Qd2 Bf5 23. Bd4 Rd8 24. Rxf5 Bxd4 25. Qxd4 gxf5 26. Bd3 Rxd5 27. Qxd5 Qxe3+ 28. Kb2 Qxg1 29. Qxf5 Qd4+ 30. Kc2 Rh6 31. Qc8+ Kg7 32. Qxb7 Rf6 33. Qb5 c5 34. Qe8 Rf3 0-1